| 000 | 00492nam a2200157Ia 4500 | ||
|---|---|---|---|
| 008 | 240729s9999 xx 000 0 und d | ||
| 022 | _a2764-6068 | ||
| 245 | 0 | _aInternational Journal of Law in Changing World | |
| 260 | _aBrazil | ||
| 260 | _bInternational Journal of Law in Changing World | ||
| 650 | _a Law in general. Comparative and uniform law. Jurisprudence | ||
| 650 | _aLaw | ||
| 856 | _uhttps://doaj.org/toc/e1e1e917ac7c4c0a9ed753e72aa24c49 | ||
| 942 | _2ddc | ||
| 942 | _cDOAJEJ | ||
| 999 |
_c67922 _d67922 |
||
| 945 |
_a1 _bMadushi Gamage _c1 _dMadushi Gamage |
||